Gramatika súčasnej taliančiny

Bibliographic Details
Corporate Author: Lingea (Bratislava, Slovensko) (Author)
Format: Book
Language:Slovak
Italian
PhysicalDescription:160 strán 17 cm
Published: Bratislava Lingea s.r.o. 2021
ISBN:9788081452680
Edition:2. vydanie
Subjects:

MARC

LEADER 00000cam a2200000 4500
001 vtls012145162
003 SK-MaSNL
005 20260301105235.0
008 220801s2021 xo g d 001 0 slo
015 |a SNBA2025/09 
020 |a 9788081452680  |q (brožované) 
040 |a SNK  |b slo  |c SNK  |e rda 
041 0 |a slo  |a ita 
044 |a xo  |c SK 
072 7 |a 81  |x Lingvistika. Jazyky  |2 konspekt 
080 |a 811.131.1  |2 2011 
080 |a 811.162.4  |2 2011 
080 |a 81'36  |2 2011 
080 |a (038)81  |2 2011 
245 0 0 |a Gramatika súčasnej taliančiny  |c gramatiku vytvoril autorský kolektív pracovníkov Lingea s.r.o. 
250 |a 2. vydanie 
264 1 |a Bratislava  |b Lingea s.r.o.  |c 2021 
300 |a 160 strán  |c 17 cm 
336 |a text  |b txt  |2 rdacontent 
337 |a bez média  |b n  |2 rdamedia 
338 |a zväzok  |b nc  |2 rdacarrier 
504 |a Obsahuje register na strane 156-160 
650 0 7 |a taliančina  |2 SNKPH  |9 1518 
650 0 7 |a Italian language  |2 SNKPHeng  |9 329901 
650 0 7 |a slovenčina  |2 SNKPH  |9 1350 
650 0 7 |a Slovak language  |2 SNKPHeng  |9 266031 
650 0 7 |a gramatika  |2 SNKPH  |9 865 
650 0 7 |a Grammar  |2 SNKPHeng  |9 278150 
655 7 |a dvojjazyčné prekladové slovníky  |2 SNKPH  |9 70744 
655 7 |a Bilingual translation dictionaries  |2 SNKPHeng  |9 287935 
710 2 |a Lingea (Bratislava, Slovensko)  |4 aut  |9 216753 
919 |a 978-80-8145-268-0 
954 |a odborná, vedecká literatúra pôvodná (slovenská)  |2 lita 
999 |c 700361  |d 702291 
952 |a SNK  |b SNK  |y PREZ  |7 0  |p 17A1309178  |o snkSD 90900  |i snk2022/11915  |8 0  |0 0  |1 0  |4 0  |d 2022-08-01  |l 0  |r 2026-02-23 20:55:29  |w 2026-02-23 
952 |a SNK  |b SNK  |y VYP  |7 0  |p 17A1492973  |o snkSD 90900 D1  |i snk2022/12490  |8 3  |g 5.62  |0 0  |1 0  |4 0  |d 2022-08-11  |l 0  |r 2026-02-23 20:55:29  |w 2026-02-23